| 000 | 00411nam a22001937a 4500 | ||
|---|---|---|---|
| 003 | UA-OsUOA | ||
| 001 | 5479 | ||
| 007 | ta | ||
| 008 | 20050721b un ||||| |||| 00| 0 ukr d | ||
| 100 | _aBachmann | ||
| 700 | _aS. | ||
| 700 | _aBarth | ||
| 700 | _aM. | ||
| 942 | _cBK | ||
| 040 |
_aUA-OsUOA _cUA-OsUOA _dUA-OsUOA |
||
| 245 | _aBetween Words A Reader, Rhetoric, and Handbook. | ||
| 955 | _a2 | ||
| 650 | 7 | _2UDC | |
| 999 |
_c291641 _d291641 |
||